<?xml version="1.0" encoding="UTF-8"?>
<record
    xmlns:xsi="http://www.w3.org/2001/XMLSchema-instance"
    xsi:schemaLocation="http://www.loc.gov/MARC21/slim http://www.loc.gov/standards/marcxml/schema/MARC21slim.xsd"
    xmlns="http://www.loc.gov/MARC21/slim">

  <leader>01232nam a22002897i 4500</leader>
  <controlfield tag="003">EG-GICUC</controlfield>
  <controlfield tag="005">20260121101348.0</controlfield>
  <controlfield tag="008">251126s2005    ua ||||f |||| 000 0 ara d</controlfield>
  <datafield tag="040" ind1=" " ind2=" ">
    <subfield code="a"> EG-GICUC</subfield>
    <subfield code="b">ara</subfield>
    <subfield code="c"> EG-GICUC</subfield>
    <subfield code="d"> EG-GICUC</subfield>
    <subfield code="e">rda</subfield>
  </datafield>
  <datafield tag="041" ind1=" " ind2=" ">
    <subfield code="a">ara</subfield>
  </datafield>
  <datafield tag="082" ind1="0" ind2="4">
    <subfield code="2">21</subfield>
    <subfield code="a">341.7623</subfield>
    <subfield code="b">&#x62C; &#x645; . &#x645;</subfield>
  </datafield>
  <datafield tag="092" ind1="0" ind2="4">
    <subfield code="2">21</subfield>
  </datafield>
  <datafield tag="099" ind1=" " ind2=" ">
    <subfield code="a">Law1 12 341.7623 &#x62C; &#x645; . &#x645; 2005</subfield>
  </datafield>
  <datafield tag="100" ind1="0" ind2=" ">
    <subfield code="a">&#x62C;&#x645;&#x627;&#x644; &#x645;&#x62D;&#x645;&#x648;&#x62F; &#x627;&#x644;&#x643;&#x631;&#x62F;&#x64A;</subfield>
    <subfield code="e">&#x645;&#x624;&#x644;&#x641;.</subfield>
  </datafield>
  <datafield tag="245" ind1="1" ind2="2">
    <subfield code="a">&#x627;&#x644;&#x645;&#x62D;&#x643;&#x645;&#x629; &#x627;&#x644;&#x645;&#x62E;&#x62A;&#x635;&#x629; &#x648; &#x627;&#x644;&#x642;&#x627;&#x646;&#x648;&#x646; &#x627;&#x644;&#x648;&#x627;&#x62C;&#x628; &#x62A;&#x637;&#x628;&#x64A;&#x642;&#x647; &#x628;&#x634;&#x623;&#x646; &#x62F;&#x639;&#x627;&#x648;&#x64A; &#x627;&#x644;&#x645;&#x633;&#x626;&#x648;&#x644;&#x64A;&#x629; &#x648; &#x627;&#x644;&#x62A;&#x639;&#x648;&#x64A;&#x636; &#x639;&#x646; &#x645;&#x636;&#x627;&#x631; &#x627;&#x644;&#x62A;&#x644;&#x648;&#x62B; &#x627;&#x644;&#x628;&#x64A;&#x626;&#x64A; &#x627;&#x644;&#x639;&#x627;&#x628;&#x631; &#x644;&#x644;&#x62D;&#x62F;&#x648;&#x62F;</subfield>
    <subfield code="c">&#x627;&#x644;&#x62F;&#x643;&#x62A;&#x648;&#x631; &#x62C;&#x645;&#x627;&#x644; &#x645;&#x62D;&#x645;&#x648;&#x62F; &#x627;&#x644;&#x643;&#x631;&#x62F;&#x64A;</subfield>
  </datafield>
  <datafield tag="264" ind1=" " ind2="1">
    <subfield code="a">&#x627;&#x644;&#x623;&#x633;&#x643;&#x646;&#x62F;&#x631;&#x64A;&#x629; :</subfield>
    <subfield code="b">&#x62F;&#x627;&#x631; &#x627;&#x644;&#x62C;&#x627;&#x645;&#x639;&#x629; &#x627;&#x644;&#x62C;&#x62F;&#x64A;&#x62F; &#x644;&#x644;&#x646;&#x634;&#x631;,</subfield>
    <subfield code="c">2005.</subfield>
  </datafield>
  <datafield tag="300" ind1=" " ind2=" ">
    <subfield code="a">230&#x635;&#x641;&#x62D;&#x629;</subfield>
    <subfield code="c">24 &#x633;&#x645;</subfield>
  </datafield>
  <datafield tag="336" ind1=" " ind2=" ">
    <subfield code="2">rda content</subfield>
    <subfield code="a">text</subfield>
  </datafield>
  <datafield tag="337" ind1=" " ind2=" ">
    <subfield code="2">rda media</subfield>
    <subfield code="a">Computer</subfield>
  </datafield>
  <datafield tag="338" ind1=" " ind2=" ">
    <subfield code="2">rda carrier</subfield>
    <subfield code="a">Online Resource</subfield>
  </datafield>
  <datafield tag="546" ind1=" " ind2=" ">
    <subfield code="a">&#x627;&#x644;&#x646;&#x635; &#x623;&#x63A;&#x644;&#x628;&#x647; &#x628;&#x627;&#x644;&#x644;&#x63A;&#x629; &#x627;&#x644;&#x639;&#x631;&#x628;&#x64A;&#x629; &#x645;&#x639; &#x628;&#x639;&#x636; &#x627;&#x644;&#x646;&#x635;&#x648;&#x635; &#x627;&#x644;&#x641;&#x631;&#x646;&#x633;&#x64A;&#x629;</subfield>
  </datafield>
  <datafield tag="650" ind1="1" ind2=" ">
    <subfield code="a">&#x627;&#x644;&#x62A;&#x644;&#x648;&#x62B; -- &#x631;&#x642;&#x627;&#x628;&#x629; -- &#x642;&#x627;&#x646;&#x648;&#x646; &#x62F;&#x648;&#x644;&#x64A;</subfield>
    <subfield code="2">qrmak</subfield>
  </datafield>
  <datafield tag="651" ind1="1" ind2=" ">
    <subfield code="2">qrmak</subfield>
  </datafield>
  <datafield tag="856" ind1="4" ind2="0">
    <subfield code="u">https://fll.law.cu.edu.eg/fulltext/bks/B12-01228.pdf</subfield>
  </datafield>
  <datafield tag="905" ind1=" " ind2=" ">
    <subfield code="a">5</subfield>
  </datafield>
  <datafield tag="942" ind1=" " ind2=" ">
    <subfield code="2">ddc</subfield>
    <subfield code="c">BK</subfield>
    <subfield code="e">21</subfield>
    <subfield code="n">0</subfield>
  </datafield>
  <datafield tag="999" ind1=" " ind2=" ">
    <subfield code="c">46249</subfield>
    <subfield code="d">46249</subfield>
  </datafield>
  <datafield tag="952" ind1=" " ind2=" ">
    <subfield code="0">0</subfield>
    <subfield code="1">0</subfield>
    <subfield code="2">ddc</subfield>
    <subfield code="4">0</subfield>
    <subfield code="7">1</subfield>
    <subfield code="8">&#x627;&#x644;&#x642;&#x627;&#x646;&#x648;&#x646; &#x627;&#x644;&#x62F;&#x648;&#x644;&#x64A; &#x627;&#x644;&#x62E;&#x627;&#x635;</subfield>
    <subfield code="a">CU</subfield>
    <subfield code="b">LAW1</subfield>
    <subfield code="d">2025-11-26</subfield>
    <subfield code="l">0</subfield>
    <subfield code="o">Law1 12 341.7623 &#x62C; &#x645; . &#x645; 2005 1201228 C1</subfield>
    <subfield code="p">B12-01228</subfield>
    <subfield code="r">2025-11-26 12:17:00</subfield>
    <subfield code="t">1</subfield>
    <subfield code="w">2025-11-26</subfield>
    <subfield code="y">BK</subfield>
  </datafield>
</record>
